| 000 | 01256nam a22003737a 4500 | ||
|---|---|---|---|
| 001 | 4009096 | ||
| 003 | OSt | ||
| 005 | 20210421064038.0 | ||
| 008 | 960909s1996 caua 001 0 eng | ||
| 010 | _a 96191300 | ||
| 020 | _a1562764047 | ||
| 040 |
_aeng _cDLC _deng _beng |
||
| 041 | _aeng | ||
| 050 | 0 | 0 |
_aTK5105.875.I57 _bE33 1996 |
| 080 |
_a681.1 _bG-71 |
||
| 082 | 0 | 0 |
_a004.67/8 _221 |
| 100 | 1 | _aGralla, Preston. | |
| 245 | 1 | 0 |
_aHow the Internet works / _cPreston Gralla ; illustrated by Sarah Ishida. |
| 250 | _aAll new ed. | ||
| 260 |
_aEmeryville, Calif. : _bZiff-Davis Press, _cc1996. |
||
| 300 |
_axi, 180 p. : _bcol. ill. ; _c26 cm. |
||
| 365 | _b24.99 usd | ||
| 490 | 1 | _aHow it works series | |
| 500 | _aRev. ed. of: How the Internet works / Joshua Eddings. c1994. | ||
| 500 | _aIncludes index. | ||
| 650 | 0 | _aInternet. | |
| 653 | _aინტერნეტი | ||
| 700 | 1 |
_aIshida, Sarah. _eIllustrator |
|
| 700 | 1 |
_aEddings, Joshua. _tHow the Internet works. |
|
| 830 | 0 | _aHow it works series (Emeryville, Calif.) | |
| 906 |
_a7 _bcbc _corignew _d2 _encip _f19 _gy-gencatlg |
||
| 942 |
_2udc _cBK |
||
| 999 |
_c660 _d660 |
||